<?xml version="1.0" encoding="UTF-8"?>
<record
    xmlns:xsi="http://www.w3.org/2001/XMLSchema-instance"
    xsi:schemaLocation="http://www.loc.gov/MARC21/slim http://www.loc.gov/standards/marcxml/schema/MARC21slim.xsd"
    xmlns="http://www.loc.gov/MARC21/slim">

  <leader>00999nam a22002771a 4500</leader>
  <controlfield tag="001">32764</controlfield>
  <controlfield tag="003">AR-RoBPED</controlfield>
  <controlfield tag="005">20260514132854.0</controlfield>
  <controlfield tag="007">ta</controlfield>
  <controlfield tag="008">260514s1971    ag a|||br|||||||1 0|spa  </controlfield>
  <datafield tag="040" ind1=" " ind2=" ">
    <subfield code="a">AR-BaBN</subfield>
    <subfield code="e">aacr</subfield>
    <subfield code="d">AR-RoBPED</subfield>
  </datafield>
  <datafield tag="041" ind1=" " ind2=" ">
    <subfield code="a">spa</subfield>
  </datafield>
  <datafield tag="100" ind1=" " ind2=" ">
    <subfield code="a">D'Amelio de Schefini, N&#xE9;lida R.</subfield>
    <subfield code="9">30849</subfield>
  </datafield>
  <datafield tag="245" ind1="1" ind2="0">
    <subfield code="a">Cuentos con cuentas :</subfield>
    <subfield code="b">matem&#xE1;tica moderna para 2o grado /</subfield>
    <subfield code="c">por N&#xE9;lida R. D'Amelio de Schefini y Alberto H. Schefini ; con la supervisi&#xF3;n del profesor Alfredo B. Besio.</subfield>
  </datafield>
  <datafield tag="260" ind1=" " ind2=" ">
    <subfield code="a">Buenos Aires :</subfield>
    <subfield code="b">Estrada,</subfield>
    <subfield code="c">1971.</subfield>
  </datafield>
  <datafield tag="300" ind1=" " ind2=" ">
    <subfield code="a">202 p. :</subfield>
    <subfield code="b">il.</subfield>
  </datafield>
  <datafield tag="500" ind1=" " ind2=" ">
    <subfield code="a">En portada: "Gu&#xED;a para el maestro".</subfield>
  </datafield>
  <datafield tag="650" ind1=" " ind2="4">
    <subfield code="a">ARCHIVO INFANTIL</subfield>
    <subfield code="9">24464</subfield>
  </datafield>
  <datafield tag="650" ind1=" " ind2="4">
    <subfield code="a">ENSE&#xD1;ANZA DE LAS MATEMATICAS</subfield>
    <subfield code="9">818</subfield>
  </datafield>
  <datafield tag="650" ind1=" " ind2="4">
    <subfield code="a">SEGUNDO GRADO</subfield>
    <subfield code="9">1622</subfield>
  </datafield>
  <datafield tag="650" ind1=" " ind2="4">
    <subfield code="a">MATEMATICAS MODERNAS</subfield>
    <subfield code="9">1666</subfield>
  </datafield>
  <datafield tag="700" ind1="1" ind2=" ">
    <subfield code="a">Schefini, Alberto Hugo</subfield>
    <subfield code="9">30850</subfield>
  </datafield>
  <datafield tag="700" ind1="1" ind2=" ">
    <subfield code="a">Besio, Alfredo B.</subfield>
    <subfield code="9">30851</subfield>
  </datafield>
  <datafield tag="942" ind1=" " ind2=" ">
    <subfield code="2">udc</subfield>
    <subfield code="a">K. 32764</subfield>
    <subfield code="c">BK</subfield>
    <subfield code="h">51</subfield>
    <subfield code="k">IA</subfield>
    <subfield code="m">D 15</subfield>
    <subfield code="p">Inv. 42447</subfield>
  </datafield>
  <datafield tag="945" ind1=" " ind2=" ">
    <subfield code="a">nn 14/05/2026 - cd 14/05/2026</subfield>
  </datafield>
  <datafield tag="952" ind1=" " ind2=" ">
    <subfield code="0">0</subfield>
    <subfield code="1">0</subfield>
    <subfield code="2">udc</subfield>
    <subfield code="4">0</subfield>
    <subfield code="7">1</subfield>
    <subfield code="a">BPED</subfield>
    <subfield code="b">BPED</subfield>
    <subfield code="d">2026-05-12</subfield>
    <subfield code="e">donaci&#xF3;n</subfield>
    <subfield code="l">0</subfield>
    <subfield code="o">IA 51 D 15</subfield>
    <subfield code="p">42447</subfield>
    <subfield code="r">2026-05-14 12:14:09</subfield>
    <subfield code="w">2026-05-14</subfield>
    <subfield code="x">nn 14/05/2026</subfield>
    <subfield code="y">BK</subfield>
    <subfield code="z">No se presta</subfield>
  </datafield>
  <datafield tag="999" ind1=" " ind2=" ">
    <subfield code="c">32764</subfield>
    <subfield code="d">32764</subfield>
  </datafield>
</record>
